Top 15 der betroffenen Covid-19-Länder - 29. Juni - Statistiken

Allgemein
  • Dieses Quiz wurde 16 mal gespielt
  • Das Durchschnittsergebnis liegt bei 15 aus 25
Antwortstatistiken
Land % Korrekt
Deutschland
100%
Indien
100%
Italien
100%
Russland
100%
Vereinigte Staaten
100%
Brasilien
87%
Spanien
87%
Vereinigtes Königreich
87%
Mexiko
73%
Peru
67%
Türkei
67%
Chile
60%
Chile
60%
Pakistan
53%
Schweden
53%
Iran
40%
Katar
40%
Saudi-Arabien
40%
Weißrussland
40%
Armenien
33%
Bahrain
33%
Kuwait
33%
Singapur
33%
Oman
27%
Panama
20%
Keine übereinstimmenden Quizze gefunden
Verteilung der Resultate
Anzahl Personen mit jedem Resultat
Perzentil nach korrekt beantworteten Fragen
Ihre Resultats-Entwicklung
Sie haben dieses Quiz noch nicht gespielt